Counting stars / (Record no. 4607)
[ view plain ]
| 000 -LEADER | |
|---|---|
| fixed length control field | 01309nam a22002897a 4500 |
| 001 - CONTROL NUMBER | |
| control field | 4607 |
| 003 - CONTROL NUMBER IDENTIFIER | |
| control field | FISKH |
| 005 - DATE AND TIME OF LATEST TRANSACTION | |
| control field | 20240918094220.0 |
| 008 - FIXED-LENGTH DATA ELEMENTS--GENERAL INFORMATION | |
| fixed length control field | 240918b cb ||||| |||| 00| 0 eng d |
| 020 ## - INTERNATIONAL STANDARD BOOK NUMBER | |
| International Standard Book Number | 9780340784808 |
| 040 ## - CATALOGING SOURCE | |
| Original cataloging agency | FISKH |
| Language of cataloging | eng |
| Transcribing agency | FISKH |
| Modifying agency | FISKH |
| 050 ## - LIBRARY OF CONGRESS CALL NUMBER | |
| Classification number | PZ7.A448 |
| 082 ## - DEWEY DECIMAL CLASSIFICATION NUMBER | |
| Edition number | 823.914 |
| 100 ## - MAIN ENTRY--PERSONAL NAME | |
| Personal name | Almond, David |
| Dates associated with a name | 1951- |
| 245 ## - TITLE STATEMENT | |
| Title | Counting stars / |
| Statement of responsibility, etc. | David Almond |
| 250 ## - EDITION STATEMENT | |
| Edition statement | First published in 2000 |
| 260 ## - PUBLICATION, DISTRIBUTION, ETC. | |
| Place of publication, distribution, etc. | London : |
| Name of publisher, distributor, etc. | A division of Hodder Headline, |
| Date of publication, distribution, etc. | 2000. |
| 300 ## - PHYSICAL DESCRIPTION | |
| Extent | 182 pages : |
| Dimensions | 20cm |
| 505 ## - FORMATTED CONTENTS NOTE | |
| Formatted contents note | R<br/> |
| 520 ## - SUMMARY, ETC. | |
| Summary, etc. | Short Stories. Young Adult Fiction. Young Adult Literature. HTML:David Almond's extraordinary novels have established him as an author of unique insight and skill. These stories encapsulate his endless sense of mystery and wonderment, as they weave a tangible tapestry of growing up in a large, loving family. Here are the kernels of his novels�joy and fear, darkness and light, the<br/>healing power of love and imagination in overcoming the wounds of ignorance and prejudice. These stories merge memory and dream, the real and the imagined, in a collection of exquisite tenderness. |
| 521 8# - TARGET AUDIENCE NOTE | |
| Target audience note | 630L<br/> |
| Source | Lexile<br/> |
| 521 8# - TARGET AUDIENCE NOTE | |
| Target audience note | R<br/> |
| Source | Raz-Plus<br/> |
| 650 ## - SUBJECT ADDED ENTRY--TOPICAL TERM | |
| Source of heading or term | Family |
| Topical term or geographic name entry element | Childhood |
| 650 ## - SUBJECT ADDED ENTRY--TOPICAL TERM | |
| Source of heading or term | Death |
| Topical term or geographic name entry element | Memoir |
| 942 ## - ADDED ENTRY ELEMENTS (KOHA) | |
| Source of classification or shelving scheme | Dewey Decimal Classification |
| Koha item type | Books |
| Suppress in OPAC | No |
| Withdrawn status | Lost status | Source of classification or shelving scheme | Damaged status | Not for loan | Collection | Home library | Current library | Shelving location | Date acquired | Total Checkouts | Full call number | Barcode | Date last seen | Date last checked out | Copy number | Price effective from | Koha item type |
|---|---|---|---|---|---|---|---|---|---|---|---|---|---|---|---|---|---|
| Dewey Decimal Classification | Fiction | Footprints International School Library Network Toul Kork Campus | Footprints International School Library Network Toul Kork Campus | TTP Primary Yellow Bookshelves | 09/18/2024 | 1 | ALM 823.914 PZ7.A448 | 2024-2001 | 09/18/2024 | 09/18/2024 | 1 | 09/18/2024 | Books |
